000 00804nam a2200229Ia 4500
003 GCL
008 140319s9999 xx 000 0 ara d
040 _aGCL /
_cGCL
082 0 4 _aد
_b050
100 1 _aعواطف عبدالرحمن
245 1 0 _aقضايا التبعية الاعلامية والثقافية فى العالم الثالث (عالم المعرفة 78) /
_cعواطف عبدالرحمن
260 _a[S.N] :
_bدار الفكر العربى ،
_c1987
300 _a288 ص
490 _aعالم المعرفة
_v0
650 0 4 _aالدول النامية
650 0 4 _aالعلاقات الخارجية
650 0 4 _aالاعلام
650 0 4 _aالدعاية
650 0 4 _aالاعلام الدولى
650 0 4 _aالراى العام العالمى
942 _2ddc
_cBK
999 _c33575
_d33575